| 000 | 01867nam2a22002411 4500 | ||
|---|---|---|---|
| 001 | rc\2182613 | ||
| 005 | 20250623000415.0 | ||
| 035 | _a(NLR Aleph) 006483337 | ||
| 090 |
_a6056600 _c6056600 |
||
| 100 | _a20110829d1978 |||y0rusy50 ca | ||
| 101 | 0 | _arus | |
| 102 | _aRU | ||
| 105 | _aa z ||||| | ||
| 200 | 0 | _aКн. 1 | |
| 210 |
_d1978 _aБ. м. |
||
| 215 | _a[1], 243 с., 5 л. схем. | ||
| 333 | _aДСП | ||
| 461 | 0 |
_1001rc\2182612 _12001#$aКомплексная схема развития и размещения материально-технической базы строительства на территории РСФСР в разрезе автономных республик, краев и областей на период до 1990 года$eШифр 3503-14$e[В 2 т.]$fГосстрой СССР, Гл. упр. по строит. проектированию пром. предприятий и сооружений, "Союзстромстройниипроект", Проект. ин-т № 2$iСвердловская область$vКн. 1 _97331630 _cМосква _d1978 _fГосстрой СССР, Гл. упр. по строит. проектированию пром. предприятий и сооружений, "Союзстромстройниипроект", Проект. ин-т № 2 _iСвердловская область _nБ. и. _oШифр 3503-14 : [В 2 т.] _tКомплексная схема развития и размещения материально-технической базы строительства на территории РСФСР в разрезе автономных республик, краев и областей на период до 1990 года _vКн. 1 |
|
| 801 | 0 |
_aRU _bNLR _gpsbo |
|
| 801 | 1 |
_aRU _bELAR _2rusmarc |
|
| 852 |
_aNLR _j79-50К/1600 |
||
| 942 | _cBOOK | ||
| 980 | _aNB | ||